| 000 | 01230nam a22003257a 4500 | ||
|---|---|---|---|
| 003 | OSt | ||
| 005 | 20250416110758.0 | ||
| 008 | 250217b |||||||| |||| 00| 0 eng d | ||
| 020 | _a9780323481953 (hardcover) | ||
| 040 |
_aNUST _beng _cNUST _dNUST _erda |
||
| 050 | _aRC76 SEI | ||
| 100 |
_aBall, Jane W _eAuthor |
||
| 245 |
_aSeidel's guide to physical examination : _ban interprofessional approach / _c Jane W Ball, Joyce E Dains, John A Flynn, Barry S Solomon and Rosalyn W Stewart. |
||
| 250 | _aNineth edition. | ||
| 260 |
_aSt. Louis, Missouri : _bElsevier, _c2019. |
||
| 300 |
_axiii, 704 pages : _bIllustrations ; _c29 cm. |
||
| 336 |
_2rdamedia _atext _btxt |
||
| 337 |
_2rdamedia _aunmediated _bn |
||
| 338 |
_2rdamedia _avolume _bnc |
||
| 504 | _aIncludes bibliographical references and index. | ||
| 650 | _vPhysical diagnosis. | ||
| 650 | _vMedical history taking -- Methods. | ||
| 650 | _vPhysical examination -- methods. | ||
| 650 | _vMedical history taking -- methods. | ||
| 700 |
_aDains, Joyce E _eAuthor |
||
| 700 |
_aFlynn, John A _eAuthor |
||
| 700 |
_aSolomon, Barry S _eAuthor |
||
| 700 |
_aStewart, Rosalyn W _eAuthor |
||
| 942 |
_2lcc _cBOOKS _eNineth edition. _hRC76 SEI _kRC _mSEI _n0 |
||
| 999 |
_c171282 _d171282 |
||